Status quo české a slovenské komunitní energetiky: definice, bariéry, statistiky
Pojmy ako energetické spoločenstvo, aktívni zákazníci či zdieľanie sú skloňované stále častejšie. Aké podmienky pre skutočný rozvoj komunitnej energetiky zatiaľ dokázali vlády v oboch krajinách vytvoriť?
Salvato in:
| Natura: | Capitolo di libro |
|---|---|
| Lingua: | ceco |
| Soggetti: | |
| Tags: |
Nessun Tag, puoi essere il primo ad aggiungerne!!
|
MARC
| LEADER | 00000naa a2200000 4500 | ||
|---|---|---|---|
| 001 | 0312208 | ||
| 005 | 20250912103330.0 | ||
| 041 | 0 | |a cze | |
| 044 | |a CZ | ||
| 245 | 1 | 0 | |a Status quo české a slovenské komunitní energetiky: definice, bariéry, statistiky |
| 520 | |a Pojmy ako energetické spoločenstvo, aktívni zákazníci či zdieľanie sú skloňované stále častejšie. Aké podmienky pre skutočný rozvoj komunitnej energetiky zatiaľ dokázali vlády v oboch krajinách vytvoriť? | ||
| 610 | 2 | 0 | |a energetika |
| 610 | 2 | 0 | |a ekológia |
| 610 | 2 | 0 | |a komunity |
| 610 | 2 | 0 | |a dekarbonizácia |
| 610 | 2 | 0 | |a decentralizácia |
| 610 | 2 | 0 | |a demokratizácia |